Historical Manuscripts Commission (Record no. 120262)
[ view plain ]
| 000 -LEADER | |
|---|---|
| fixed length control field | 00934cam a2200205 4500 |
| 001 - CONTROL NUMBER | |
| control field | WS121980 |
| 008 - FIXED-LENGTH DATA ELEMENTS--GENERAL INFORMATION | |
| fixed length control field | 030414n 000 0 eng u |
| 035 ## - SYSTEM CONTROL NUMBER | |
| System control number | (Sirsi) u121980 |
| 110 ## - MAIN ENTRY--CORPORATE NAME | |
| Corporate name or jurisdiction name as entry element | Historical Manuscripts Commission |
| 9 (RLIN) | 4434 |
| 245 ## - TITLE STATEMENT | |
| Title | Historical Manuscripts Commission |
| 520 ## - SUMMARY, ETC. | |
| Summary, etc. | Web site for the UK's central advisory body on archives and manuscripts relating to British history. Includes the searchable National Register of Archives and Manorial Documents Register and access to Archon, the online information gateway for archivists. Also links to 'Archives in Focus', the education and lifelong learning web site. |
| 650 ## - SUBJECT ADDED ENTRY--TOPICAL TERM | |
| Topical term or geographic name entry element | ARCHIVES |
| 650 ## - SUBJECT ADDED ENTRY--TOPICAL TERM | |
| Topical term or geographic name entry element | ORGANISATION |
| 650 ## - SUBJECT ADDED ENTRY--TOPICAL TERM | |
| Topical term or geographic name entry element | MANUSCRIPTS |
| 650 ## - SUBJECT ADDED ENTRY--TOPICAL TERM | |
| Topical term or geographic name entry element | MANORIAL DOCUMENTS |
| 650 ## - SUBJECT ADDED ENTRY--TOPICAL TERM | |
| Topical term or geographic name entry element | CAREERS, EDUCATION AND TRAINING |
| 690 ## - LOCAL SUBJECT ADDED ENTRY--TOPICAL TERM (OCLC, RLIN) | |
| Topical term or geographic name as entry element | Arts and antiques |
| 9 (RLIN) | 6217 |
| 856 40 - ELECTRONIC LOCATION AND ACCESS | |
| Uniform Resource Identifier | <a href="https://www.hmc.gov.uk">https://www.hmc.gov.uk</a> |
| Public note | View the website free of charge at www.hmc.gov.uk... |
| 942 ## - ADDED ENTRY ELEMENTS (KOHA) | |
| Suppress in OPAC | 0 |
| Withdrawn status | Lost status | Source of classification or shelving scheme | Damaged status | Not for loan | Home library | Current library | Shelving location | Date acquired | Total Checkouts | Full call number | Barcode | Date last seen | Copy number | Price effective from | Koha item type |
|---|---|---|---|---|---|---|---|---|---|---|---|---|---|---|---|
| Dewey Decimal Classification | Virtual | Virtual | Online | 14/04/2003 | WEB SITE | 121980-1001 | 06/08/2019 | 1 | 06/08/2019 | Online material |